[Event "BL 9091 HSK-Dortmund"]
[Site "?"]
[Date "1990.??.??"]
[Round "?.3"]
[White "Mainka, R."]
[Black "Maus, So"]
[Result "1-0"]
[WhiteElo "2435"]
[BlackElo "2440"]
[PlyCount "109"]
[EventDate "1990.??.??"]

1. e4 c5 2. Nf3 e6 3. d4 cxd4 4. Nxd4 Nf6 5. Nc3 d6 6. g4 h6 7. Be3 Nc6 8. Rg1
Bd7 9. Be2 g5 10. Qd2 a6 11. O-O-O b5 12. a3 Rg8 13. Kb1 Be7 14. h4 Nxd4 15.
Qxd4 Qb8 16. hxg5 hxg5 17. Rh1 a5 18. Rh6 b4 19. axb4 axb4 20. Na2 Bb5 21. Bf3
Nd7 22. Rdh1 Ne5 23. Rh8 Rf8 24. Bd1 b3 25. Nc3 Bc4 26. Rxf8+ Bxf8 27. Rh8 Qb4
28. cxb3 Bd3+ 29. Bc2 Bxc2+ 30. Kxc2 Qxd4 31. Bxd4 Nxg4 32. Rg8 f6 33. Rh8 Kf7
34. Rh1 Kg6 35. b4 Rb8 36. b5 d5 37. exd5 exd5 38. Rg1 Ne5 39. Rd1 Nc4 40. Ba7
Rb7 41. Bd4 Ne5 42. Bxe5 fxe5 43. Rxd5 Kf5 44. Kd3 g4 45. Ne2 Be7 46. Nd4+ Kf4
47. Nc6 Bf6 48. b4 Bh4 49. Ke2 Bf6 50. Rd6 Kf5 51. b6 Bg7 52. Na5 Rb8 53. b7 e4
54. Rd7 Be5 55. Nc6 1-0

[Event "BL 9091 HSK-Dortmund"]
[Site "?"]
[Date "1990.??.??"]
[Round "?.5"]
[White "Keitlinghaus, L."]
[Black "Michaelsen, N."]
[Result "1/2-1/2"]
[WhiteElo "2405"]
[BlackElo "2305"]
[PlyCount "57"]
[EventDate "1990.??.??"]

1. e4 e5 2. Nf3 Nf6 3. Nxe5 d6 4. Nf3 Nxe4 5. d3 Nf6 6. d4 d5 7. Bd3 Bg4 8. h3
Bh5 9. g4 Bg6 10. Ne5 Nbd7 11. Nxg6 hxg6 12. Nc3 c6 13. Bf4 Qe7+ 14. Kf1 O-O-O
15. Kg2 Ne4 16. f3 Nxc3 17. bxc3 Nb6 18. Qd2 Qd7 19. Rhe1 Bd6 20. Re2 Qc7 21.
Bxd6 Qxd6 22. Rh1 Rde8 23. Rhe1 Rxe2+ 24. Qxe2 Kd8 25. c4 dxc4 26. Bxc4 Nxc4
27. Qxc4 Re8 28. Rxe8+ Kxe8 29. c3 1/2-1/2

[Event "BL 9091 HSK-Dortmund"]
[Site "?"]
[Date "1990.??.??"]
[Round "?.6"]
[White "Reefschlaeger, H."]
[Black "Thesing, M."]
[Result "1/2-1/2"]
[WhiteElo "2370"]
[BlackElo "2380"]
[PlyCount "23"]
[EventDate "1990.??.??"]

1. e4 c5 2. f4 g6 3. d3 Bg7 4. Nf3 Nc6 5. c3 d5 6. e5 f6 7. exf6 Nxf6 8. g3 O-O
9. Bg2 Qd6 10. O-O b6 11. Re1 Bb7 12. Bh3 1/2-1/2

[Event "BL 9091 HSK-Dortmund"]
[Site "?"]
[Date "1990.??.??"]
[Round "?.8"]
[White "Heinemann, T."]
[Black "Buecker, S."]
[Result "1/2-1/2"]
[WhiteElo "2340"]
[BlackElo "2345"]
[PlyCount "121"]
[EventDate "1990.??.??"]

1. Nf3 f5 2. d4 Nf6 3. c4 g6 4. Nc3 c6 5. g3 Bg7 6. Bg2 O-O 7. O-O d6 8. d5 Qa5
9. Qd3 Ng4 10. Bd2 Qb6 11. b3 Na6 12. h3 Ne5 13. Qc2 Bd7 14. Rae1 Nc7 15. Kh2
cxd5 16. cxd5 Rac8 17. Qb1 Qa6 18. Ng1 b5 19. f4 Nf7 20. Nd1 Ne8 21. Nf2 Nf6
22. Rc1 Qb6 23. e3 Rc5 24. Nd3 Rxd5 25. Bxd5 Nxd5 26. Rfe1 Bc6 27. Ba5 Qa6 28.
Bd2 Ba8 29. Rf1 g5 30. Ne1 g4 31. h4 Qb7 32. Ne2 b4 33. e4 Nf6 34. exf5 Qb5 35.
Qd3 Qa5 36. a4 Be4 37. Qc4 Qxf5 38. Nd4 Qh5 39. Bxb4 Bd5 40. Qd3 Ne4 41. Ng2
Rb8 42. Ba3 Nc5 43. Qf5 Qxf5 44. Nxf5 Bf8 45. Nfe3 Bf3 46. b4 Nd3 47. Rc7 Nxb4
48. Rb1 a5 49. Ra7 Rc8 50. Rxa5 Nd3 51. Rab5 Ra8 52. a5 Nf2 53. R1b2 Ne4 54.
Ne1 Ra7 55. Rc2 Ra8 56. Bb2 Nd8 57. Nd5 Ne6 58. Nc3 Nd4 59. Nxe4 Nxb5 60. Nxf3
gxf3 61. Ng5 1/2-1/2

[Event "BL 9091 Tegel-Solingen"]
[Site "?"]
[Date "1990.??.??"]
[Round "?.2"]
[White "Lorenz, S."]
[Black "Chandler, M."]
[Result "0-1"]
[WhiteElo "2325"]
[BlackElo "2560"]
[PlyCount "86"]
[EventDate "1990.??.??"]

1. e4 c5 2. Nf3 Nc6 3. Bb5 e6 4. O-O Nge7 5. Re1 Ng6 6. b3 Be7 7. Bb2 O-O 8.
Nc3 a6 9. Bxc6 dxc6 10. e5 f6 11. Ne4 f5 12. Ng3 b5 13. d3 Bb7 14. Nf1 Qd7 15.
Qd2 Rad8 16. Bc3 Qe8 17. Ba5 Rd7 18. Ng5 Bxg5 19. Qxg5 f4 20. Nd2 Rf5 21. Qg4
Nxe5 22. Rxe5 Rxe5 23. Bc3 Rf5 24. Re1 Qh5 25. Qxh5 Rxh5 26. Rxe6 c4 27. bxc4
c5 28. f3 Kf7 29. Re5 Rxe5 30. Bxe5 g5 31. Kf2 Ke6 32. Bb2 bxc4 33. Nxc4 Bd5
34. Nd2 Kf5 35. Ba3 Bxa2 36. Bxc5 a5 37. d4 a4 38. Ke2 Rd8 39. Kd3 Ra8 40. Ba3
Bd5 41. c4 Re8 42. g4+ Kf6 43. Bc5 Bxf3 0-1

[Event "BL 9091 Tegel-Solingen"]
[Site "?"]
[Date "1990.??.??"]
[Round "?.3"]
[White "Lau, R."]
[Black "Rabiega, R."]
[Result "1-0"]
[WhiteElo "2475"]
[BlackElo "2345"]
[PlyCount "43"]
[EventDate "1990.??.??"]

1. e4 c5 2. Nf3 Nc6 3. d4 cxd4 4. Nxd4 e5 5. Nb5 a6 6. Nd6+ Bxd6 7. Qxd6 Qf6 8.
Qc7 Nge7 9. Nc3 Nb4 10. Bd3 d5 11. O-O d4 12. Ne2 Nec6 13. f4 Qe7 14. Qxe7+
Kxe7 15. fxe5 Nxd3 16. cxd3 Bg4 17. Nf4 Nxe5 18. b3 Rac8 19. Ba3+ Kd7 20. Bb2
Nc6 21. Nd5 Ke6 22. h3 1-0

[Event "BL 9091 Tegel-Solingen"]
[Site "?"]
[Date "1990.??.??"]
[Round "?.4"]
[White "Hargens, T."]
[Black "Mohr, S."]
[Result "0-1"]
[WhiteElo "2255"]
[BlackElo "2430"]
[PlyCount "98"]
[EventDate "1990.??.??"]

1. d4 Nf6 2. Nc3 d5 3. Bg5 e6 4. e4 Bb4 5. exd5 Qxd5 6. Bxf6 gxf6 7. Nge2 Nc6
8. Qd2 Bxc3 9. Qxc3 Bd7 10. Rg1 O-O-O 11. g3 e5 12. Bg2 exd4 13. Qd2 Qc4 14.
Be4 Rhe8 15. f3 f5 16. Bd3 Qd5 17. f4 Re3 18. b3 Qc5 19. a3 Ne7 20. b4 Qd5 21.
c4 Qe6 22. Kf2 Ba4 23. Rge1 c5 24. b5 Ng8 25. Ng1 Nf6 26. Nf3 Ng4+ 27. Kg1 b6
28. Ng5 Qf6 29. Qg2 Kb8 30. h3 Rxe1+ 31. Rxe1 Ne3 32. Qf2 h6 33. Nf3 Qg7 34.
Ne5 Rg8 35. Kh2 f6 36. Nc6+ Kc7 37. Qf3 Bb3 38. Nxa7 Qd7 39. a4 Re8 40. a5 Ng4+
41. hxg4 Rxe1 42. Bxf5 Qe8 43. Kh3 Bd1 44. Qd5 h5 45. g5 fxg5 46. fxg5 Bg4+ 47.
Bxg4 hxg4+ 48. Kh4 Rh1+ 49. Kxg4 Qh5+ 0-1

[Event "BL 9091 Tegel-Solingen"]
[Site "?"]
[Date "1990.??.??"]
[Round "?.5"]
[White "Reeh, O."]
[Black "Sperlich, O."]
[Result "1/2-1/2"]
[WhiteElo "2465"]
[BlackElo "2295"]
[PlyCount "113"]
[EventDate "1990.??.??"]

1. e4 c5 2. Nf3 Nc6 3. d4 cxd4 4. Nxd4 e5 5. Nb5 a6 6. N5c3 Bc5 7. Be2 h6 8.
Nd5 Nf6 9. Nxf6+ Qxf6 10. O-O d6 11. Nc3 Be6 12. Nd5 Qd8 13. c3 O-O 14. b4 Ba7
15. Be3 Bxe3 16. Nxe3 Rc8 17. Qd2 Qc7 18. Rac1 b5 19. a4 Qb7 20. axb5 axb5 21.
Nd5 Rfd8 22. Ra1 Rb8 23. h3 Ne7 24. Nxe7+ Qxe7 25. Ra5 Qd7 26. Qe3 Qc6 27. Rfa1
Rb6 28. Ra7 d5 29. exd5 Bxd5 30. Bf1 Qd6 31. Re1 Qb8 32. Raa1 Re6 33. Red1 Rg6
34. g3 e4 35. Bg2 f5 36. Rd4 Bc4 37. Rxd8+ Qxd8 38. Qf4 Qd5 39. Kh2 Rf6 40.
Qb8+ Rf8 41. Qc7 Rf7 42. Qb8+ Rf8 43. Qf4 g5 44. Qc7 Qd8 45. Qb7 Rf7 46. Ra8
Rxb7 47. Rxd8+ Kg7 48. g4 fxg4 49. hxg4 Re7 50. Rd1 e3 51. fxe3 Rxe3 52. Rc1
Kf6 53. Bf1 Bxf1 54. Rxf1+ Ke6 55. Rf5 Re5 56. Rf8 Kd5 57. Rc8 1/2-1/2

[Event "BL 9091 Tegel-Solingen"]
[Site "?"]
[Date "1990.??.??"]
[Round "?.6"]
[White "Giemsa, S."]
[Black "Podzielny, K."]
[Result "0-1"]
[WhiteElo "2240"]
[BlackElo "2445"]
[PlyCount "64"]
[EventDate "1990.??.??"]

1. Nf3 c5 2. c4 Nf6 3. Nc3 e6 4. g3 b6 5. Bg2 Bb7 6. O-O d6 7. Re1 a6 8. e4 Qc7
9. d4 cxd4 10. Nxd4 Nbd7 11. Be3 Rc8 12. Rc1 Qb8 13. b3 Qa8 14. Nd5 h5 15. Bg5
exd5 16. exd5+ Kd8 17. Nc6+ Kc7 18. b4 Re8 19. c5 dxc5 20. d6+ Bxd6 21. Qxd6+
Kxd6 22. Bf4+ Ne5 23. Rcd1+ Nd5 24. Rxd5+ Kxc6 25. Rxc5+ Kd7 26. Bh3+ Re6 27.
Rcxe5 Rhe8 28. Rd1+ Ke7 29. Bxe6 fxe6 30. Bg5+ Kf7 31. Rd7+ Kg8 32. Be3 Bh1 0-1

[Event "BL 9091 Bielefeld-Sindelfingen"]
[Site "?"]
[Date "1990.??.??"]
[Round "?.1"]
[White "Fahnenschmidt, G."]
[Black "Dokhoian, Y."]
[Result "1/2-1/2"]
[WhiteElo "2390"]
[BlackElo "2540"]
[PlyCount "126"]
[EventDate "1990.??.??"]

1. d4 Nf6 2. c4 e6 3. Nc3 Bb4 4. e3 O-O 5. Bd3 d5 6. Nf3 c5 7. O-O Nc6 8. a3
Bxc3 9. bxc3 Qc7 10. Bb2 dxc4 11. Bxc4 e5 12. dxe5 Nxe5 13. Nxe5 Qxe5 14. h3
Qg5 15. f4 Qg6 16. Qf3 Bf5 17. Rfd1 Be4 18. Qf2 Rad8 19. Bf1 Bc6 20. c4 Ne4 21.
Qh4 Nd2 22. Qg4 Ba4 23. Qxg6 hxg6 24. Re1 Rfe8 25. Rac1 Nxf1 26. Kxf1 Rd3 27.
Kf2 Re4 28. Kf3 Bc6 29. Kf2 f6 30. g4 Kf7 31. h4 Ke6 32. g5 Kf5 33. gxf6 gxf6
34. Rcd1 Rxd1 35. Rxd1 Rxc4 36. Rc1 Rxc1 37. Bxc1 Ke4 38. Ke2 a5 39. Bd2 Bb5+
40. Kd1 Ba4+ 41. Kc1 b6 42. Bc3 f5 43. Kd2 Kd5 44. Bf6 Kc4 45. Bd8 Kb5 46. Kc3
Ka6 47. Be7 Bd7 48. Bd6 Kb7 49. Be7 Kc7 50. Kc4 Be6+ 51. Kd3 Bd5 52. Kc2 Be4+
53. Kb3 Kd7 54. Bf8 Bf3 55. Kc2 Ke6 56. Kd3 Bg2 57. Kc2 Bf1 58. Kd2 Ba6 59. Kc2
Kd7 60. Kd2 Ke6 61. Kc2 Bc4 62. Kd2 Bd5 63. Kd3 Be4+ 1/2-1/2

[Event "BL 9091 Bielefeld-Sindelfingen"]
[Site "?"]
[Date "1990.??.??"]
[Round "?.2"]
[White "Piskov, Y."]
[Black "Rajkovic, D."]
[Result "0-1"]
[WhiteElo "2445"]
[BlackElo "2485"]
[PlyCount "73"]
[EventDate "1990.??.??"]

1. d4 Nf6 2. c4 e6 3. Nf3 b6 4. e3 Bb7 5. Bd3 c5 6. O-O Be7 7. Nc3 cxd4 8. exd4
d6 9. d5 e5 10. Ng5 O-O 11. f4 exf4 12. Bxf4 Nbd7 13. Nb5 h6 14. Nf3 Nc5 15.
Bc2 Re8 16. b4 Na6 17. a3 Nc7 18. Nbd4 b5 19. Nf5 Bf8 20. N3d4 bxc4 21. Nc6 Qd7
22. Ncd4 Ncxd5 23. Ba4 Qc7 24. Bxe8 Rxe8 25. Kh1 Nxf4 26. Rxf4 Nd5 27. Rh4 g6
28. Qg4 Nf6 29. Qh3 gxf5 30. Rxh6 Bxh6 31. Qxh6 Qe7 32. Rf1 Ng4 33. Qh5 Bxg2+
34. Kxg2 Ne3+ 35. Kh3 Nxf1 36. Nxf5 Qf6 37. Nh6+ 0-1

[Event "BL 9091 Bielefeld-Sindelfingen"]
[Site "?"]
[Date "1990.??.??"]
[Round "?.3"]
[White "Marinkovic, I."]
[Black "Pieper Emden, C."]
[Result "1/2-1/2"]
[WhiteElo "2460"]
[BlackElo "2405"]
[PlyCount "85"]
[EventDate "1990.??.??"]

1. e4 e5 2. Nc3 Bc5 3. g3 Nc6 4. Bg2 Qf6 5. Nf3 Nge7 6. Na4 Bb6 7. Nxb6 axb6 8.
O-O d6 9. d3 h6 10. Be3 g5 11. d4 Ng6 12. d5 Nce7 13. Ne1 Qg7 14. c3 f5 15. f4
gxf4 16. gxf4 O-O 17. fxe5 Nxe5 18. Qh5 Kh7 19. Kh1 Bd7 20. Nf3 f4 21. Bd4 Bg4
22. Qh4 Bxf3 23. Bxf3 Qf6 24. Qh3 Rg8 25. a3 Rg7 26. Rg1 Rag8 27. Rxg7+ Rxg7
28. Rg1 Rxg1+ 29. Kxg1 Qh4 30. Qf1 Nxf3+ 31. Qxf3 Qe1+ 32. Kg2 Ng6 33. Bf2 Qd2
34. Qg4 Ne5 35. Qf5+ Kg7 36. h4 f3+ 37. Kg3 Qe2 38. Bd4 Qe1+ 39. Bf2 Qf1 40.
Qh3 Qb1 41. Qe6 Qxe4 42. Qe7+ Kg6 43. Qe8+ 1/2-1/2

[Event "BL 9091 Bielefeld-Sindelfingen"]
[Site "?"]
[Date "1990.??.??"]
[Round "?.4"]
[White "Gruen, G."]
[Black "Kraut, R."]
[Result "1-0"]
[WhiteElo "2360"]
[BlackElo "2430"]
[PlyCount "89"]
[EventDate "1990.??.??"]

1. d4 d5 2. c4 dxc4 3. Qa4+ Nd7 4. Nf3 a6 5. Nc3 e6 6. e4 Rb8 7. Qxc4 b5 8. Qb3
c5 9. Bf4 Rb6 10. d5 c4 11. Qc2 Bc5 12. Be2 Ne7 13. dxe6 fxe6 14. O-O O-O 15.
Bg3 Nc6 16. Rad1 Qf6 17. Kh1 Rb7 18. a4 Nd4 19. Nxd4 Bxd4 20. f4 Bxc3 21. bxc3
Nc5 22. axb5 axb5 23. Bf2 Qe7 24. Bd4 Bd7 25. Be5 Rc8 26. Bd6 Qe8 27. e5 Qg6
28. Qxg6 hxg6 29. Bf3 Bc6 30. Bg4 Bd7 31. Bxc5 Rxc5 32. Rxd7 Rxd7 33. Bxe6+ Rf7
34. Ra1 Rcc7 35. Ra8+ Kh7 36. Bxf7 Rxf7 37. g3 Rd7 38. Kg2 Rd3 39. Kf2 g5 40.
e6 Rd2+ 41. Ke3 Rd1 42. Ke2 Rd6 43. f5 Rd5 44. g4 g6 45. f6 1-0

[Event "BL 9091 Bielefeld-Sindelfingen"]
[Site "?"]
[Date "1990.??.??"]
[Round "?.5"]
[White "Luther, T."]
[Black "Beckemeyer, W."]
[Result "1/2-1/2"]
[WhiteElo "2385"]
[BlackElo "2345"]
[PlyCount "52"]
[EventDate "1990.??.??"]

1. e4 e5 2. Nf3 Nc6 3. Bb5 a6 4. Ba4 Nf6 5. O-O Nxe4 6. d4 b5 7. Bb3 d5 8. dxe5
Be6 9. c3 Be7 10. Nbd2 Nc5 11. Bc2 d4 12. Ne4 d3 13. Nxc5 dxc2 14. Qxd8+ Rxd8
15. Nxe6 fxe6 16. Be3 Rd5 17. Rfc1 Nxe5 18. Nxe5 Rxe5 19. Rxc2 O-O 20. c4 Bc5
21. cxb5 Bxe3 22. fxe3 axb5 23. Rxc7 Rxe3 24. Rd1 h6 25. h3 Rf5 26. Rd2 Kh7
1/2-1/2

[Event "BL 9091 Bielefeld-Sindelfingen"]
[Site "?"]
[Date "1990.??.??"]
[Round "?.6"]
[White "Stertenbrink, G."]
[Black "Bialas, W."]
[Result "1/2-1/2"]
[WhiteElo "2280"]
[BlackElo "2360"]
[PlyCount "47"]
[EventDate "1990.??.??"]

1. e4 c5 2. Nf3 Nc6 3. d4 cxd4 4. Nxd4 g6 5. c4 Bg7 6. Be3 Nf6 7. Nc3 O-O 8.
Be2 b6 9. Qd2 Bb7 10. O-O Nxd4 11. Bxd4 e5 12. Bxe5 Nxe4 13. Nxe4 Bxe5 14. Nd6
Bc6 15. f4 Bxd6 16. Qxd6 Re8 17. Bd3 Re6 18. Qd4 Qh4 19. Qf2 Qxf2+ 20. Rxf2 Rd6
21. Rd1 Re8 22. Re2 Kf8 23. Rxe8+ Kxe8 24. Kf2 1/2-1/2

[Event "BL 9091 Bielefeld-Sindelfingen"]
[Site "?"]
[Date "1990.??.??"]
[Round "?.7"]
[White "Werner, Marc"]
[Black "Panzer, P."]
[Result "1/2-1/2"]
[WhiteElo "2320"]
[BlackElo "2280"]
[PlyCount "32"]
[EventDate "1990.??.??"]

1. e4 e5 2. Nf3 Nf6 3. Nxe5 d6 4. Nf3 Nxe4 5. Nc3 Nxc3 6. dxc3 Be7 7. Be3 O-O
8. Qd2 Nd7 9. O-O-O c6 10. Bg5 Nc5 11. Bxe7 Qxe7 12. Qf4 d5 13. c4 Be6 14. Qe3
Rfe8 15. Nd4 dxc4 16. Nxe6 Nxe6 1/2-1/2

[Event "BL 9091 Delmenhorst-Kirchheim"]
[Site "?"]
[Date "1990.??.??"]
[Round "?.2"]
[White "Armas, I."]
[Black "Gschnitzer, O."]
[Result "1-0"]
[WhiteElo "2465"]
[BlackElo "2440"]
[PlyCount "148"]
[EventDate "1990.??.??"]

1. e4 e5 2. Nf3 Nc6 3. Bc4 Nf6 4. d3 Bc5 5. c3 a6 6. O-O Ba7 7. d4 Qe7 8. Re1
d6 9. h3 O-O 10. Bg5 h6 11. Bh4 g5 12. Bg3 Kh7 13. Na3 Nh5 14. Nxe5 dxe5 15.
Qxh5 exd4 16. h4 dxc3 17. bxc3 Kg7 18. Nc2 Ne5 19. Bb3 f6 20. Qe2 Bg4 21. Ne3
Bxe2 22. Nf5+ Kh7 23. Nxe7 Bg4 24. Nd5 Rac8 25. Ne3 Bxe3 26. Rxe3 Rcd8 27. f3
Bc8 28. hxg5 hxg5 29. Kf2 c5 30. Bd5 Rd6 31. Re2 Rfd8 32. Ke3 Kg7 33. a4 Rb6
34. a5 Rbd6 35. Rb1 Rxd5 36. exd5 Nc4+ 37. Kf2 Rxd5 38. Re8 Rd2+ 39. Kg1 Bd7
40. Rxb7 Kf7 41. Re1 Nxa5 42. Rc7 Nc6 43. Bf2 Ne5 44. Bxc5 Kg6 45. Bf2 Bb5 46.
Bd4 Nc6 47. Be3 Rc2 48. Rc1 Rxc1+ 49. Bxc1 Ne5 50. Be3 Nc4 51. Bd4 Nd6 52. Kf2
a5 53. Ra7 Nc4 54. Rb7 Bc6 55. Ra7 Bb5 56. Re7 a4 57. Re6 Kf7 58. Rxf6+ Ke7 59.
Rg6 a3 60. Rxg5 Be8 61. Rc5 Kd6 62. Rxc4 a2 63. Bc5+ Kd5 64. Rd4+ Kxc5 65. Rd1
Kc4 66. Ra1 Kb3 67. Ke3 Kb2 68. Rxa2+ Kxa2 69. g4 Kb3 70. Kd4 Bd7 71. g5 Bf5
72. f4 Bg6 73. Ke5 Kxc3 74. f5 Bh5 1-0

[Event "BL 9091 Delmenhorst-Kirchheim"]
[Site "?"]
[Date "1990.??.??"]
[Round "?.3"]
[White "Vonthron, H."]
[Black "Borik, O."]
[Result "1-0"]
[WhiteElo "2405"]
[BlackElo "2375"]
[PlyCount "119"]
[EventDate "1990.??.??"]

1. e4 g6 2. d4 Bg7 3. Nc3 d6 4. Nf3 Nf6 5. Be2 O-O 6. O-O a6 7. h3 b5 8. e5
Nfd7 9. Bf4 Nc6 10. exd6 cxd6 11. Qd2 Nf6 12. Bh6 Bb7 13. Bxg7 Kxg7 14. a4 b4
15. Na2 a5 16. c4 bxc3 17. bxc3 e5 18. Rab1 Qe7 19. Rfe1 e4 20. Bb5 Qc7 21. Nh4
Ne7 22. c4 h6 23. f4 d5 24. c5 Nh7 25. Rf1 Bc8 26. Nc3 g5 27. f5 Nf6 28. Qf2
Kh8 29. g4 gxh4 30. Qxh4 Nh7 31. Kh1 Qd8 32. Qxh6 Ng8 33. Qh5 Qf6 34. Rbd1 Bb7
35. h4 Qh6 36. Qxh6 Nxh6 37. c6 Bxc6 38. Bxc6 Rac8 39. g5 Rxc6 40. Nxd5 Rd6 41.
Ne3 Ng8 42. f6 Rfd8 43. d5 Nhxf6 44. gxf6 Rxf6 45. Rxf6 Nxf6 46. Kh2 Kg7 47.
Kg3 Kg6 48. Kf4 Nd7 49. Rg1+ Kf6 50. Rc1 Rb8 51. Rc6+ Kg7 52. Nf5+ Kg8 53. d6
Nf8 54. Kg5 Nh7+ 55. Kh6 Rd8 56. d7 Nf8 57. Ne7+ Kh8 58. Rc8 Ne6 59. Nc6 Rg8
60. Ne5 1-0

[Event "BL 9091 Delmenhorst-Kirchheim"]
[Site "?"]
[Date "1990.??.??"]
[Round "?.5"]
[White "Messmer, M."]
[Black "Wesseln, K."]
[Result "1/2-1/2"]
[WhiteElo "2365"]
[BlackElo "2360"]
[PlyCount "126"]
[EventDate "1990.??.??"]

1. Nf3 c5 2. e4 Nc6 3. Bb5 g6 4. O-O Bg7 5. c3 Nf6 6. Re1 O-O 7. d4 cxd4 8.
cxd4 d5 9. e5 Ne4 10. Nc3 Bf5 11. Qa4 Bd7 12. Qb3 Qa5 13. Bf1 Be6 14. Qxb7 Rfc8
15. Qa6 Qd8 16. Qa4 Rab8 17. a3 Na5 18. Ba6 Rc6 19. Bf1 Qc7 20. Ng5 Nxc3 21.
bxc3 Bf5 22. Bb5 Bc2 23. Qxc2 Rxb5 24. Qe2 Rb3 25. Bd2 Nc4 26. Rab1 Nxd2 27.
Qxd2 Rbxc3 28. Qf4 e6 29. a4 h6 30. Nf3 Qa5 31. h3 Qxa4 32. Rb8+ Rc8 33. Reb1
Qe8 34. R8b7 R3c7 35. Kh2 Qc6 36. R7b2 Qc3 37. Rb3 Qc2 38. R3b2 Qc6 39. h4 Qc3
40. Rb8 Qc6 41. R8b3 Qc2 42. R1b2 Qe4 43. Qd2 Rc2 44. Rxc2 Rxc2 45. Rb8+ Kh7
46. Qe3 Qxe3 47. fxe3 a5 48. Ra8 Ra2 49. Kg3 a4 50. Nh2 h5 51. Ra7 Kg8 52. Ra8+
Bf8 53. Nf3 a3 54. Ng5 Ra1 55. e4 dxe4 56. Nxe4 Rd1 57. Nf6+ Kg7 58. Kf4 Rf1+
59. Ke3 g5 60. hxg5 Kg6 61. Ke4 Re1+ 62. Kf4 Rf1+ 63. Ke4 Re1+ 1/2-1/2

[Event "BL 9091 Delmenhorst-Kirchheim"]
[Site "?"]
[Date "1990.??.??"]
[Round "?.7"]
[White "Schindler, W."]
[Black "Meyer, H."]
[Result "0-1"]
[WhiteElo "2310"]
[BlackElo "2315"]
[PlyCount "100"]
[EventDate "1990.??.??"]

1. Nf3 Nf6 2. c4 c5 3. Nc3 d5 4. cxd5 Nxd5 5. d4 e6 6. e4 Nxc3 7. bxc3 cxd4 8.
cxd4 Nc6 9. Bc4 b5 10. Bd3 Be7 11. O-O a6 12. Bf4 Bb7 13. Qd2 O-O 14. Be3 Rc8
15. Rac1 Ba3 16. Rc2 Qe7 17. e5 Nb4 18. Bg5 f6 19. Rxc8 Rxc8 20. Bh4 Nxd3 21.
Qxd3 Bb4 22. Qe3 Bd5 23. Nd2 Rc3 24. exf6 gxf6 25. Qf4 Bd6 26. Qg4+ Qg7 27. Ne4
Qxg4 28. Nxf6+ Kg7 29. Nxg4 Bxa2 30. d5 Rc4 31. Bf6+ Kg6 32. Be5 Bc5 33. Nf6
Be7 34. Ng8 Bc5 35. d6 Rc2 36. Rd1 Bxf2+ 37. Kh1 Bd5 38. Ne7+ Kf7 39. Nxd5 exd5
40. h3 Ke6 41. Bf4 b4 42. d7 Kxd7 43. Rxd5+ Kc6 44. Rd8 b3 45. Rc8+ Kd5 46. Rb8
b2 47. Kh2 Bd4 48. Kg3 Ke4 49. Re8+ Kd3 50. Re1 Bf2+ 0-1

[Event "BL 9091 Sindelfingen-Delmenhorst"]
[Site "?"]
[Date "1990.??.??"]
[Round "?.1"]
[White "Hausner, I."]
[Black "Fahnenschmidt, G."]
[Result "1/2-1/2"]
[WhiteElo "2460"]
[BlackElo "2390"]
[PlyCount "104"]
[EventDate "1990.??.??"]

1. d4 Nf6 2. c4 c5 3. d5 d6 4. Nc3 g6 5. e4 Bg7 6. Be2 O-O 7. Bf4 b5 8. cxb5 a6
9. b6 Qxb6 10. Qc2 Bg4 11. Nf3 Nbd7 12. O-O Rab8 13. b3 Ne8 14. Bg5 Bxf3 15.
Bxf3 Qd8 16. Be2 Nc7 17. a4 Nf6 18. Rad1 Rb4 19. Bc4 Nd7 20. Na2 Rb7 21. Bd2
Ne5 22. Be2 Qb8 23. Nc1 Rc8 24. f4 Nd7 25. Ba5 Nb6 26. Kh1 Qa7 27. Na2 Rcb8 28.
Nc1 Nd7 29. Bf3 Ne8 30. Bg4 Nef6 31. Be2 Rc8 32. Bc4 Nb6 33. Bxb6 Rxb6 34. Qe2
Nd7 35. Nd3 Rbb8 36. a5 Qc7 37. Qe1 Ra8 38. e5 Rf8 39. e6 Nf6 40. f5 gxf5 41.
Rxf5 fxe6 42. Qxe6+ Kh8 43. Qe1 Ng4 44. Rxf8+ Rxf8 45. h3 Nh6 46. Nf2 Nf5 47.
Ne4 Nd4 48. Ng5 Bf6 49. Ne6 Nxe6 50. dxe6 Qb7 51. Rd5 Rg8 52. Qd2 Be5 1/2-1/2

[Event "BL 9091 Sindelfingen-Delmenhorst"]
[Site "?"]
[Date "1990.??.??"]
[Round "?.2"]
[White "Rajkovic, D."]
[Black "Armas, I."]
[Result "1/2-1/2"]
[WhiteElo "2485"]
[BlackElo "2465"]
[PlyCount "30"]
[EventDate "1990.??.??"]

1. d4 Nf6 2. c4 c5 3. d5 e6 4. Nc3 exd5 5. cxd5 d6 6. e4 g6 7. Bg5 Bg7 8. f3
O-O 9. Nge2 a6 10. a4 Nbd7 11. Qd2 Re8 12. Ng3 Qa5 13. Ra3 h5 14. Be2 Nh7 15.
Bh6 Bd4 1/2-1/2

[Event "BL 9091 Sindelfingen-Delmenhorst"]
[Site "?"]
[Date "1990.??.??"]
[Round "?.3"]
[White "Borik, O."]
[Black "Marinkovic, I."]
[Result "1/2-1/2"]
[WhiteElo "2375"]
[BlackElo "2460"]
[PlyCount "29"]
[EventDate "1990.??.??"]

1. e4 Nf6 2. e5 Nd5 3. d4 d6 4. Nf3 dxe5 5. Nxe5 g6 6. Bc4 c6 7. O-O Bg7 8. Nd2
Nd7 9. Nef3 O-O 10. Bb3 b6 11. Re1 Bb7 12. Ne4 Qc7 13. Bg5 N7f6 14. Nxf6+ exf6
15. Bh4 1/2-1/2

[Event "BL 9091 Sindelfingen-Delmenhorst"]
[Site "?"]
[Date "1990.??.??"]
[Round "?.4"]
[White "Kraut, R."]
[Black "Schlemermeyer, W."]
[Result "1/2-1/2"]
[WhiteElo "2430"]
[BlackElo "2380"]
[PlyCount "36"]
[EventDate "1990.??.??"]

1. e4 c6 2. d4 d5 3. exd5 cxd5 4. c4 Nf6 5. Nc3 Nc6 6. Nf3 Bg4 7. cxd5 Nxd5 8.
Qb3 Bxf3 9. gxf3 Nb6 10. Be3 e6 11. O-O-O Be7 12. d5 exd5 13. Nxd5 Nxd5 14.
Rxd5 Qc7 15. Kb1 O-O 16. Bg2 Nb4 17. Rd4 Qc6 18. Rg4 Rfd8 1/2-1/2

[Event "BL 9091 Sindelfingen-Delmenhorst"]
[Site "?"]
[Date "1990.??.??"]
[Round "?.5"]
[White "Wesseln, K."]
[Black "Luther, T."]
[Result "0-1"]
[WhiteElo "2360"]
[BlackElo "2385"]
[PlyCount "72"]
[EventDate "1990.??.??"]

1. d4 e6 2. c4 Nf6 3. Nf3 c5 4. d5 exd5 5. cxd5 d6 6. Nc3 g6 7. Nd2 Nbd7 8. e4
Bg7 9. Be2 O-O 10. O-O a6 11. a4 Re8 12. f4 c4 13. e5 dxe5 14. Nxc4 exf4 15.
Bxf4 Ne4 16. Nxe4 Rxe4 17. Bd3 Rd4 18. Qf3 Nf6 19. d6 Bg4 20. Qg3 Be6 21. Rac1
Nh5 22. Qe3 Rxf4 23. Rxf4 Bh6 24. g3 Nxf4 25. gxf4 Rc8 26. a5 Bf8 27. f5 gxf5
28. Rc2 Qf6 29. Rg2+ Kh8 30. b3 Bg7 31. h4 Qa1+ 32. Kh2 Bxc4 33. Rxg7 Qxg7 34.
Bxc4 Rg8 35. Bd5 Qf6 36. Kh3 f4 0-1

[Event "BL 9091 Sindelfingen-Delmenhorst"]
[Site "?"]
[Date "1990.??.??"]
[Round "?.7"]
[White "Derikum, A."]
[Black "Werner, Marc"]
[Result "1/2-1/2"]
[WhiteElo "2320"]
[BlackElo "2320"]
[PlyCount "49"]
[EventDate "1990.??.??"]

1. c4 g6 2. Nf3 Bg7 3. g3 Nf6 4. Bg2 O-O 5. O-O d6 6. d4 c6 7. Nc3 Qa5 8. Re1
a6 9. Bd2 Nbd7 10. Rc1 Qd8 11. e4 e5 12. Rc2 Re8 13. Bc1 Qb6 14. dxe5 dxe5 15.
Be3 Qc7 16. h3 Bf8 17. Bf1 a5 18. Qc1 Nc5 19. Bg5 Nfd7 20. b3 Ne6 21. Be3 Ndc5
22. Kh2 Bd7 23. Rd1 Red8 24. Rcd2 Bg7 25. h4 1/2-1/2

[Event "BL 9091 Sindelfingen-Delmenhorst"]
[Site "?"]
[Date "1990.??.??"]
[Round "?.8"]
[White "Franke, H."]
[Black "Ditt, E."]
[Result "1/2-1/2"]
[WhiteElo "2390"]
[BlackElo "2295"]
[PlyCount "38"]
[EventDate "1990.??.??"]

1. e4 g6 2. d4 Bg7 3. c3 d6 4. Bg5 Nd7 5. Nd2 c5 6. Ngf3 h6 7. Be3 cxd4 8. cxd4
Ngf6 9. h3 O-O 10. Bd3 b6 11. O-O Bb7 12. Qa4 d5 13. e5 Ne4 14. Ba6 Bxa6 15.
Qxa6 Qc8 16. Qb5 Qb7 17. Nxe4 dxe4 18. Nd2 f5 19. exf6 exf6 1/2-1/2

[Event "BL 9091 Kirchheim-Bielefeld"]
[Site "?"]
[Date "1990.??.??"]
[Round "?.1"]
[White "Dokhoian, Y."]
[Black "Haba, P."]
[Result "1/2-1/2"]
[WhiteElo "2540"]
[BlackElo "2440"]
[PlyCount "37"]
[EventDate "1990.??.??"]

1. d4 d5 2. c4 c6 3. Nf3 Nf6 4. Nc3 dxc4 5. a4 Bf5 6. e3 e6 7. Bxc4 Bb4 8. O-O
Nbd7 9. Qb3 a5 10. Nh4 Bg6 11. g3 Bh5 12. f3 O-O 13. g4 Bg6 14. Nxg6 hxg6 15.
e4 Qb6 16. Be3 e5 17. Rad1 Rad8 18. Na2 Be7 19. g5 1/2-1/2